LEADER 00960nam a2200229 i 4500 001 000000131699 003 CaOOAMICUS 005 20051115000000.0 008 051115s1983 it u000 u ita u 013 $a104596 040 $aSeMil$bita 100 1 $aMilizia, Francesco,$d<1725-1798>.$0(OLS)http://semarc/name/7879 245 10$aDell'arte di vedere nelle belle arti del disegno /$cFrancesco Milizia. 260 $aSala Bolognese :$bArnaldo Forni,$cstampa 1983. 300 $a166 p. ;$c17 cm. 500 $a[Ristampa anastatica]. - Facsimile dell'Ed. : Venezia : Giambattista Pasquali, 1781. - Fondo Ciprandi. 850 $aSeMil 852 $aSeMil$W1$xVenegono$y1$m5R I 88$j85646$B85646$CSeMilBibl$Z2$F105742 $81 941 1 $a1 961 $aOmaggio: Ciprandi dott. Paolo 996 $6245$aDell'arte di vedere nelle belle arti del disegno$9(OLS)http://semarc/title/193624 996 $6260$aSala Bolognese :$bArnaldo Forni$9(OLS)http://semarc/publisher/34708 LEADER 00939nam a2200205 i 4500 001 000000212004 003 CaOOAMICUS 005 20120323000000.0 008 120323s1924 it u000 u ita u 013 $a190833 040 $aSeMil$bita 100 1 $aSilvestris, Bernardi.$0(OLS)http://semarc/name/75682 245 10$aCommentum Bernardi Silvestris super sex libros Eneidos Virgilii nunc primum edidit Guilielmus Riedel. 260 $aGryphiswaldae :$bAbel,$c1924. 300 $aXVI, 135 p. ;$c22 cm. 650 4$aVirgilio Marone, Publio <70-19 a.C.> - Eneide - Commenti.$0(OLS)http://semarc/subject/35227 850 $aSeMil 852 $aSeMil$W1$xVenegono$y1$m1X II 171$j237839$B162443$CSeMilBibl$Z2$F173699 $81 996 $6245$aCommentum Bernardi Silvestris super sex libros Eneidos Virgilii nunc primum edidit Guilielmus Riedel$9(OLS)http://semarc/title/306140 996 $6260$aGryphiswaldae :$bAbel$9(OLS)http://semarc/publisher/52624